La réponse termine par X - Statistiques

Statistiques générales
  • Ce quiz a été pris 572 fois
  • Le résultat moyen est 14 sur 20
Statistiques - réponses
Indices Réponses % Correct
Le plus célèbre des gaulois de bande dessinée Asterix
99%
En chiffres romains, il s'écrit X Dix
99%
Se dit d'un homme qui aime quelqu'un Amoureux
95%
Situés sur notre visage, ils nous permettent de voir Yeux
93%
Célèbre marque suisse de montre de luxe Rolex
89%
Plateforme de streaming légal au N rouge Netflix
88%
Nain de Blanche-Neige qui râle souvent Grincheux
87%
Quelqu'un ou quelque chose qui ne fait pas de bruit Silencieux
84%
Félin aux oreilles triangulaires surmontées d'une touffe de poils noirs Lynx
82%
Console de jeu vidéo éditée par Microsoft sortie en 2001 Xbox
82%
Outil principal de travail des chanteurs Voix
80%
Signe astrologique des personnes nées entre le 21 mai et le 21 juin Gémeaux
78%
Ce qu'est un certain anneau pour Gollum Précieux
72%
Vin français originaire du département de la Gironde Bordeaux
69%
Conduit de l'appareil respiratoire qui relie la gorge à la trachée Larynx
64%
Petit os situé à l'extrémité inférieure de la colonne vertébrale Coccyx
63%
Rôle de Gérard Jugnot dans Le père Noël est une ordure Felix
26%
Sort dans Harry Potter qui permet d'éteindre la lumière de sa baguette Nox
22%
Corps chimique minéral résultant de la calcination d'un calcaire Chaux
11%
Autre nom de la maladie du charbon Anthrax
10%
Aucun quiz correspondant
Distribution des résultats
% des personnes avec chaque résultat
Percentile par nombre de réponses
Votre historique - résultats
Vous n’avez pas pris ce quiz